• 首页
  • 本馆介绍
  • 公告通知
  • 最新文献
  • 馆藏检索
  • 电子资源
  • 读者导购
  • 参考咨询
  • 我的图书馆
  • 登录
  • 详细信息显示
  • 放入我的书架
  • 预约/预借图书
  • 作者相关作品
  • 分类相关作品
  • 丛书相关作品
  • 出版社相关作品

书目信息

  • 表格格式
  • 工作单格式
  • 卡片格式
题名:
大型海藻实验技术
    
 
作者: 刘涛 主编
分册:  
出版信息: 北京   海洋出版社  2016
页数: 173页
开本: 29cm
丛书名:
单 册:
中图分类: Q949.2
科图分类:
主题词: 海藻--实验
电子资源:
ISBN: 978-7-5027-9390-6
000 00886nam0 2200229 450
001 012024000395
005 20240924225236.0
010    @a978-7-5027-9390-6@dCNY48.00
100    @a20240924d2016 em y0chiy50 ea
101 0  @achi
102    @aCN@b110000
105    @aa z 000yy
106    @ar
200 1  @a大型海藻实验技术@Ada xing hai zao shi yan ji shu@f刘涛主编
210    @a北京@c海洋出版社@d2016
215    @a173页@c图@d29cm
330    @a本书共分七章,分别介绍了大型海藻生物学调查、常见种类形态观察、组织与细胞学观察、组织与细胞培养、生理学、遗传与生化、经济成分测定等内容,相对全面地汇集了当前我国大型海藻资源学、生物学、生理学、生物化学等方面经典技术方法。
606 0  @a海藻@x实验
690    @aQ949.2@v5
701  0 @a刘涛@Aliu tao@c(海洋生物,@f1975~)@4主编
801  0 @aCN@bAHXH@c20240924
905    @b214145147@b214145156@b214145165@b214145174@b214145183@dQ949.2@e539@f5
    
    大型海藻实验技术/刘涛主编.-北京:海洋出版社,2016
    173页:图;29cm
    
    
    ISBN 978-7-5027-9390-6:CNY48.00
    本书共分七章,分别介绍了大型海藻生物学调查、常见种类形态观察、组织与细胞学观察、组织与细胞培养、生理学、遗传与生化、经济成分测定等内容,相对全面地汇集了当前我国大型海藻资源学、生物学、生理学、生物化学等方面经典技术方法。
●
相关链接 在E读中查询图书 在五车中查询图书 在当当中查询图书 在豆瓣中查询图书


正题名:大型海藻实验技术     索取号:Q949.2/539         预约/预借

序号 登录号 条形码 馆藏地/架位号 状态 备注
1 1414514   214145147   第二样本阅览室/ [索取号:Q949.2/539] 在馆    
2 1414515   214145156   第三借阅区/ [索取号:Q949.2/539] 在馆    
3 1414516   214145165   第三借阅区/ [索取号:Q949.2/539] 在馆    
4 1414517   214145174   第三借阅区/ [索取号:Q949.2/539] 在馆    
5 1414518   214145183   第三借阅区/ [索取号:Q949.2/539] 在馆    
唐山师范学院图书馆 欢迎您!
大连网信软件有限公司© 版权所有